000 00205 a2200109 4500
020 _a9780618050765
041 _aspa
100 _aMarshall, James
245 _aJorge y Martha
942 _cBK
952 _71
999 _c19623
_d19623